000 02624cab a2200301 ab4500
005 20250924063929.0
008 991125c2017 sp tr p o 000 0 spa d
035 _aUPN01000235081
040 _aMX-MxUPN
_bspa
_cMX-MxUPN
_eaacr2
049 _aART-E
100 1 _aGarcía González, Alfonso Javier
_6- alfonsoj@us.es
100 1 _aBohórquez Gómez-Millán, María Rocío
100 1 _aRubio Rubio, Laura
245 1 0 _aCompetencias comunicativas mediadas en estudiantes universitarios mayores :
_balfabetización tecnológica como experiencia innovadora
_h[recurso electrónico en línea]
506 0 _aAcceso abierto
520 3 _aLa globalización ha supuesto un cambio en los estilos de interacción comunicativa, cada vez más mediada digitalmente. Por ello, aquellos que encuentran dificultades en el acceso o manejo de las nuevas tecnologías de la información y la comunicación (personas situadas en la brecha digital) se encuentran en claro riesgo de exclusión social. El colectivo de personas mayores debe adquirir competencias de manejo de estas herramientas como recurso para el envejecimiento activo. Los programas Universitarios de Mayores pueden ser un recurso para la adquisición y entrenamiento de competencias digitales; en este contexto, se describe una experiencia de entrenamiento de competencias de alfabetización digital mediante aprendizaje colaborativo con una metodología de Aprendizaje Basado en Problemas. Los resultados de la intervención muestran que los mayores pueden aprender y aprenden competencias para la identificación de contenidos a adquirir, su búsqueda en la red, análisis y manejo; así como competencias de empleo sistemático adecuado de herramientas de comunicación interpersonal electrónicamente mediadas. En este proceso de aprendizaje, las tutorías virtuales constituyen un poderoso recurso para estos estudiantes. La evaluación de la adquisición de competencias mediante rúbricas puede ser una herramienta accesible más allá de las baterías estandarizadas de evaluación. RELATEC
650 4 _aTecnologías de la información y comunicación
_921219
650 2 _aAdultos mayores
_927578
650 2 _aAprendizaje basado en problemas
_96423
653 0 _aBrecha digital
653 0 _aCompetencias digitales
773 _gVol. 16, no. 1, (2017), p. 67-77
_tRELATEC : revista latinoamericana de tecnología educativa
_x1695-288X
856 4 _uhttps://relatec.unex.es/index.php/relatec/article/view/2821
856 4 _uhttp://dx.medra.org/10.17398/1695-288X.16.1.67
902 _aLeonor Sotres/080825
905 _aArticulo
942 _cART-E
999 _c207176
_d207176